Statistiques concernant Pays visitant la Bosnie-Herzegovine le plus

Cliquez ici pour prendre le quiz!

Statistiques générales

  • Ce quiz a été pris 135 fois
  • Le résultat moyen est 9 sur 14

Statistiques - réponses

VisieursPays% Correct
15.851France
99%
77.852Serbie
95%
96.965Croatie
93%
34.607Allemagne
90%
52.056Italie
82%
55.511Slovenie
75%
23.889 Autriche
73%
25.926États Unis
60%
90.712Turquie
60%
39.811Pologne
54%
31.776Chine
50%
20,684Arabie Saoudite
21%
52.056Corée du Sud
8%
24.402Malaisie
2%

Distribution des résultats

Percentile par nombre de réponses

% des personnes avec chaque résultat

Votre développement - résultats

Vous n’avez pas pris ce quiz